Normal view
MARC view
Entry Geographic Name
001 - CONTROL NUMBER
- control field: 3745
003 - CONTROL NUMBER IDENTIFIER
- control field: ARRUPE
005 - DATE AND TIME OF LATEST TRANSACTION
- control field: 20131125174304.0
008 - FIXED-LENGTH DATA ELEMENTS
- fixed length control field: 131125|| aca||aabn | a|a d
040 ## - CATALOGING SOURCE
- Original cataloging agency: ARRUPE
- Transcribing agency: ARRUPE
151 ## - HEADING--GEOGRAPHIC NAME
- Geographic name: Africa
- General subdivision: Church history.
670 ## - SOURCE DATA FOUND
- Source citation: Work cat.: (ARRUPE)0: Paas, Steven, 1942- 3744, The faith moves south :, 2006.